书目信息 |
| 题名: |
电子政务
|
|
| 作者: | 徐晓林 , 杨锐 主编 | |
| 分册: | ||
| 出版信息: | 武汉 华中科技大学出版社 2018.09 |
|
| 页数: | 284页 | |
| 开本: | 26cm | |
| 丛书名: | 21世纪公共管理类系列规划教材 | |
| 单 册: | ||
| 中图分类: | D035.1-39 | |
| 科图分类: | ||
| 主题词: | 电子政务--dian zi zheng wu--教材 | |
| 电子资源: | ||
| ISBN: | 978-7-5680-4524-7 | |
| 000 | 01471nam 2200313 450 | |
| 001 | 202019133935 | |
| 005 | 20191002113833.0 | |
| 010 | @a978-7-5680-4524-7@dCNY48.00 | |
| 100 | @a20190928d2018 em y0chiy50 ea | |
| 101 | 0 | @achi |
| 102 | @aCN@b420000 | |
| 105 | @ay a 000yy | |
| 106 | @ar | |
| 200 | 1 | @a电子政务@Adian zi zheng wu@d= Electronic government@f主编徐晓林, 杨锐@zeng |
| 205 | @a第2版 | |
| 210 | @a武汉@c华中科技大学出版社@d2018.09 | |
| 215 | @a284页@d26cm | |
| 225 | 2 | @a21世纪公共管理类系列规划教材@A21 shi ji gong gong guan li lei xi lie gui hua jiao cai@h第一批 |
| 314 | @a徐晓林, 华中科技大学公共管理学院教授等职。杨锐, 计算机专业硕士、工商管理专业博士等。 | |
| 320 | @a有书目 | |
| 330 | @a本书是21世纪公共管理类系列规划教材中的一种。全书依据“业务重组、流程再造、信息共享、组织虚拟是电子政务的4个基本特征”这一思想, 从公共管理的角度, 介绍和剖析当前世界各国最新的电子政务理论研究和实践成果, 这是编写本书的根本宗旨。本书吸收了国内外电子政务学术研究的最新成果, 内容编排合理、扎实, 既包括一般性电子政务基本概念和技能知识, 也包括一些深层次的理论研究 ; 围绕电子政务逻辑红线, 形成了从理论到实践的相对完备知识。 | |
| 410 | 0 | @12001 @a21世纪公共管理类系列规划教材@h第一批 |
| 510 | 1 | @aElectronic government@zeng |
| 606 | 0 | @a电子政务@Adian zi zheng wu@j教材 |
| 690 | @aD035.1-39@v5 | |
| 701 | 0 | @a徐晓林@Axu xiao lin@4主编 |
| 701 | 0 | @a杨锐@Ayang rui@4主编 |
| 801 | 0 | @aCN@c20190905 |
| 905 | @a河南城建学院图书馆@dD035.1-39@eX823=2 | |
| 电子政务= Electronic government/主编徐晓林, 杨锐.-第2版.-武汉:华中科技大学出版社,2018.09 |
| 284页;26cm.-(21世纪公共管理类系列规划教材.第一批) |
| ISBN 978-7-5680-4524-7:CNY48.00 |
| 本书是21世纪公共管理类系列规划教材中的一种。全书依据“业务重组、流程再造、信息共享、组织虚拟是电子政务的4个基本特征”这一思想, 从公共管理的角度, 介绍和剖析当前世界各国最新的电子政务理论研究和实践成果, 这是编写本书的根本宗旨。本书吸收了国内外电子政务学术研究的最新成果, 内容编排合理、扎实, 既包括一般性电子政务基本概念和技能知识, 也包括一些深层次的理论研究 ; 围绕电子政务逻辑红线, 形成了从理论到实践的相对完备知识。 |
| ● |
| 相关链接 |
|
|
|
正题名:电子政务
索取号:D035.1-39/X823=2
 
预约/预借
| 序号 | 登录号 | 条形码 | 馆藏地/架位号 | 状态 | 备注 |
| 1 | 1441531 | 214415319 | 社科库509/509社科库 67排9列6层/ [索取号:D035.1-39/X823=2] | 在馆 | |
| 2 | 1441532 | 214415328 | 社科库509/509社科库 67排9列6层/ [索取号:D035.1-39/X823=2] | 在馆 |